Statistics for Are You A True Rower?

Click here to take the quiz!

General Stats

  • This quiz has been taken 392 times
  • The average score is 12 of 15

Answer Stats

QuestionAnswer% Correct
Term used when the blade gets caught in the waterCrab
97%
General name of a rowing eventRegatta
94%
The rowing machine that doesn't floatErg
92%
Name of boat with 4 rowers and 8 oars TOTALQuad
90%
Rowing with two oars in handsSculling
86%
Name of boat with 2 rowers and 2 oars TOTALPair
84%
The number of strokes rowed per minuteRate
84%
Rowing with one oar in handsSweeping
84%
The most painful thing known to man2k
80%
Term for the power part of the strokeDrive
80%
Expensive racing shell with a yellow glowEmpacher
66%
Term for when the blade is parallel to the waterFeathered
65%
Name of racing involving racing against the clockTime Trial
60%
What is the most popular/prestigious regatta in the worldHenley Royal Regatta
57%
What is the largest high school regatta in the worldStotesbury Cup
38%

Score Distribution

Percentile by Number Answered

Percent of People with Each Score

Your Score History

You have not taken this quiz